| 000 | 00673nam a22001937a 4500 | ||
|---|---|---|---|
| 999 |
_c16822 _d16822 |
||
| 003 | AR-CdUCM | ||
| 008 | 190506b ||||| |||| 00| 0 spa d | ||
| 040 |
_aMUNICIPALIDAD PROVINCIAL DEL CUSCO _cBIBLIOTECA MUNICIPAL DEL CUSCO |
||
| 082 |
_a982.004 / _bR14 |
||
| 100 |
_aRadaelli, Sigrido A. _936505 |
||
| 245 | _ala irreverencia histórica y otros ensayos / | ||
| 260 |
_aBuenos Aires : _bMegafono, _c1934. |
||
| 300 |
_a140 páginas ; _c19 cm. |
||
| 505 | _aLa historia como política -- de nuestro falso nacionalismo -- estudios históricos argentinos... | ||
| 650 |
_aHistoria. _9136 |
||
| 650 |
_aCiencia histórica. _936506 |
||
| 942 |
_2ddc _cLIBROS |
||
| 945 | _awfj | ||